000 01336nam a2200337 c 4500
003 BLK
005 20250505140159.0
008 180408b bul|||||r ||||||| ||bul||
010 _aKNG00069180000
040 _aBLK
041 _aBUL
_cBUL
080 _aАмериканска литература (на САЩ)
_b821.111(73)
_x-31
_z821.111(73)-31
100 _aШелдън, Сидни
_eпърви автор
_9243637
700 1 _aДончева, Олга
_eпрев. от англ.
_9363702
700 1 _aЛюбенова, Зоя
_eпрев. от англ.
_9247526
139 _aШелдън, Сидни
_bШ 51
245 1 0 _aВятърните мелници на боговете
_bРоман
_cСидни Шелдън; прев. от англ. Олга Дончева; прев. от англ. Зоя Любенова.
250 _a3. изд.
257 _aUSA
260 София
_bБард
_c2006
300 _a301 с.
_c20 см
380 _aX
500 _a1. изд. 1993 на изд. Матекс. - Ориг. загл. Windmills of the Gods / Sidney Sheldon. - Офс. изд.
653 _aромани
852 _aЦб 229901
856 4 _qpdf
_u
856 4 _qpdf
_u
942 _cKNG
_n0
_031
944 _aCR
_c06.11.2006
_k30534
_lРадостина Карадакова
944 _aED
_c07.11.2006
_k
999 _c64908
_d64908